|
|
|
|
| LEADER |
00000nam0a2200000 4500 |
| 001 |
216379 |
| 005 |
20231101230033.0 |
| 010 |
|
|
|a 9780521613736
|
| 035 |
|
|
|a (RuTPU)RU\TPU\book\236349
|
| 035 |
|
|
|a RU\TPU\book\236347
|
| 090 |
|
|
|a 216379
|
| 100 |
|
|
|a 20120524d2007 m y0engy50 ba
|
| 101 |
0 |
|
|a eng
|
| 102 |
|
|
|a GB
|
| 105 |
|
|
|a a j 000zy
|
| 200 |
1 |
|
|a Cambridge Certificate in Advanced English 6 with Answers
|e Examination papers from University of Cambridge ESOL Examinations: English for Speakers of Other Languages
|
| 210 |
|
|
|a Cambridge
|c Cambridge University Press
|d 2007
|
| 215 |
|
|
|a 186 p.
|c il.
|e 2 CD-ROM
|
| 225 |
1 |
|
|a Cambridge Books for Cambridge Exams
|
| 606 |
1 |
|
|a Английский язык
|x Учебные руководства и пособия
|x Учебные руководства и пособия для высшей школы
|2 stltpush
|3 (RuTPU)RU\TPU\subj\29071
|9 52483
|
| 610 |
1 |
|
|a лексика
|
| 610 |
1 |
|
|a грамматика
|
| 610 |
1 |
|
|a разговорная речь
|
| 610 |
1 |
|
|a упражнения
|
| 610 |
1 |
|
|a сертификаты
|
| 610 |
1 |
|
|a CD-ROM
|
| 686 |
|
|
|a Ш143.21-923
|v LBC/SL-A
|2 rubbk
|
| 801 |
|
1 |
|a RU
|b 63413507
|c 20040504
|g PSBO
|
| 801 |
|
2 |
|a RU
|b 63413507
|c 20140922
|g PSBO
|
| 942 |
|
|
|c BK
|